| 000 | 00435nam a2200145Ia 4500 | ||
|---|---|---|---|
| 008 | 220217s9999 xx 000 0 und d | ||
| 245 | 0 | _aCode of practice for bale coating, packing and marking of natural rubber. (First Revision). | |
| 260 | _c1986 | ||
| 500 | _aStandard number: IS 5598 | ||
| 650 | _aBale coating | ||
| 650 | _aNatural rubber | ||
| 650 | _aNatural rubber marking | ||
| 650 | _aNatural rubber packing | ||
| 942 | _cST | ||
| 999 |
_c73859 _d73859 |
||